|
|
|
|
| LEADER |
01923nam a22003137a 4500 |
| 001 |
34053 |
| 003 |
BD-DhAAL |
| 005 |
20260206161829.0 |
| 008 |
181213t2018 bg a|||| b|||f00| 0 ben d |
| 040 |
|
|
|a BD-DhAAL
|c BD-DhAAL
|
| 041 |
|
|
|a ben
|
| 082 |
|
|
|a 954.9205
|2 22
|
| 245 |
|
|
|a ১৯৭১ :
|b মুক্তিযুদ্ধ, গণহত্যা ও বিশ্ব আন্তর্জাতিক সম্মেলন /
|c মুর্শিদা বিনতে রহমান ও চৌধুরী শহীদ কাদের সম্পাদিত.
|
| 246 |
|
|
|a 1971 :
|b liberation war, genocide and the world international seminar
|
| 260 |
|
|
|a ঢাকা :
|b গণহত্যা-নির্যাতন ও মুক্তিযুদ্ধ বিষয়ক গবেষণা কেন্দ্র,
|c ২০১৮.
|
| 300 |
|
|
|a ৩২৪ পৃষ্ঠা :
|b চিত্র ;
|c ২১ সে. মি.
|
| 500 |
|
|
|a ১৯৭১ : গণহত্যা-নির্যাতন আর্কাইভ ও জাদুঘর ট্রাস্ট
|
| 500 |
|
|
|a 1971 : genocide-torture archive and museum trust
|
| 504 |
|
|
|a বিবলিওগ্রাফী অন্তর্ভুক্ত
|
| 526 |
|
|
|a AAL
|
| 541 |
|
|
|a Development Book Agency
|e 34053
|
| 651 |
|
|
|a Bangladesh
|x History
|y Revolution, 1971
|9 25550
|
| 651 |
|
|
|a বাংলাদেশ
|x ইতিহাস
|y মুক্তিযুদ্ধ, ১৯৭১
|9 25551
|
| 700 |
|
|
|a রহমান, মুর্শিদা বিনতে.
|9 29152
|
| 700 |
|
|
|a কাদের, চৌধুরী শহীদ.
|9 29153
|
| 852 |
|
|
|a Ayesha Abed Library
|c Bangabandhu Corner
|
| 942 |
|
|
|2 ddc
|c BK
|
| 999 |
|
|
|c 40357
|d 40357
|
| 952 |
|
|
|0 0
|1 0
|2 ddc
|4 0
|6 954_920500000000000_MUK
|7 0
|9 64821
|a BRACUL
|b BRACUL
|c BNC
|d 2018-12-18
|e Development Book Agency
|g 675.00
|l 1
|m 4
|o 954.9205 MUK
|p 3010034053
|r 2020-01-12
|s 2019-12-12
|t 1
|v 750.00
|w 2018-12-18
|y BK
|